[Event "Corus Wijk aan Zee"]
[Site " Wijk aan Zee"]
[Date "2007.01.20"]
[Round "7"]
[White "GM Ponomariov, Ruslan (UKR)"]
[Black "GM Topalov, Veselin (BUL)"]
[Result "0-1"]
[WhiteElo "2723"]
[BlackElo "2783"]
[Annotator "Ëåîíèä Ýëüêèí"]
[PlyCount "116"]
[EventDate "2007.01.??"]
[EventType "tourn"]
[EventCountry "NED"]
[EventCategory "19"]
[Source "CrestBook.com"]

{Òîïàëîâ âûäàë î÷åíü ñèëüíóþ ïàðòèþ.} 1. d4 Nf6 2. c4 g6 3. Nc3 Bg7 {
. Ñòàðîèíäèéñêàÿ çàùèòà. Ïðèìåð Ðàäæàáîâà çàðàçèòåëåí! Âïðî÷åì, ðàíüøå
Âåñåëèí ïðèìåíÿë ñòàðîèíäèéñêóþ çàùèòó ðåãóëÿðíî - òàê ÷òî äëÿ íåãî ïàðòèÿ ñ
Ïîíîìàð,âûì íå ñòàëà ïðîãóëêîé ïî íåõîæåííûì òðîïàì.} 4. e4 d6 5. h3 {
. Íå ñàìûé ðàñïðîñòðàí,ííûé, íî õîðîøî èçâåñòíûé âàðèàíò, íîñÿùèé èìÿñîâåòñêîãî
òåîðåòèêà Ìàêàãîíîâà.} O-O 6. Bg5 {×àùå âûâîäÿò ñëîíà íà å3. Âàðèàíò,
ðàçûãðàííûé â ïàðòèè, íàâåðíÿêà ñòàë íåîæèäàííîñòüþ äëÿ Òîïàëîâà. Îáû÷íî
Ïîíîìàð,â ïðèìåíÿë êëàññè÷åñêóþ ñèñòåìó ñ õîäàìè Nf3 è Be2.} c5 ({
Àëüòåðíàòèâû -} 6... Nbd7) (6... Na6) (6... Qe8 $5) 7. d5 e6 {À òåïåðü çàäóìàëñ
ÿ Ðóñëàí. Îñíîâíîé õîä â ýòîé ïîçèöèè - Bd3, ðåæå èãðàþò Nf3 .} 8. Bd3 {
Èä,ì ïî ãëàâíîé ëèíèè.} exd5 9. cxd5 {òåïåðü íà äîñêå óæå íå Ñòàðîèíäèéñêàÿ, à
Èíäèéñêàÿ çàùèòà, è èíäåêñ ó äåáþòà ñîîòâåòñòâóþùèé - À65.} ({
Èíòåðåñíî áûëî è} 9. exd5 {, îñòàâàÿñü â ðóñëå âàðèàíòîâ «Ñòàðóøêè». Âåäü ó
áåëûõ ïîñëå âçÿòèÿ ïåøêîé «å» îòëè÷íàÿ ñòàòèñòèêà!}) 9... Re8 {
Âîçìîæíî, íàèáîëåå òî÷íûé õîä. Ó ÷¸ðíûõ ïîÿâëÿþòñÿ èäåè ñ õîäîì ñ4.} 10.
Nge2 (10. Nf3 c4 11. Bxc4 (11. Be2 b5 $11) 11... Nxe4 {
, è ó ÷åðíûõ, êàê ìèíèìóì, íå õóæå.} 12. Nxe4 Rxe4+ 13. Be2 Qa5+ 14. Qd2 Qxd2+
15. Nxd2 Re5 16. Bf4 Rxd5 {- ÷¸ðíûå çàïàñëèñü ëèøíåé ïåøêîé è ñòîÿò õîðîøî.})
10... Nbd7 ({Äðóãàÿ âîçìîæíîñòü -} 10... a6 {, íî õîä Òîïàëîâà âûãëÿäèò áîëåå
òî÷íûì, òàê êàê êîíÿ âñ¸ ðàâíî ïðèä,òñÿ ðàçâèâàòü èìåííî íà ýòî ïîëå.}) 11.
O-O h6 {Êàê íè ñòðàííî, íîâèíêà.  Ìíå êàæåòñÿ, Âåñåëèí âûáðàë î÷åíü óäîáíûé
ìîìåíò, ÷òîáû ïîòðåâîæèòü áåëîãî ñëîíà.} ({
Â ïàðòèè 1998 ãîäà Àòàëèê - Âåëèìèðîâè÷ ñëó÷èëîñü ñëåäóþùåå} 11... a6 12. a4
h6 13. Bh4 g5 14. Bg3 c4 15. Bc2 {è ÷¸ðíûå çàõâàòèëè èíèöèàòèâó ïîñëå} ({
ñèëüíåå áûëî 15 Bxc4, ñîõðàíÿÿ äåáþòíûé ïåðåâåñ} 15. Bxc4) 15... Nc5 16. f3
Nh5 17. Bf2 Nf4 18. Nxf4 gxf4 19. Qd2 Qg5 20. h4 Qe5 21. Kh1 Bd7 22. Rg1 b5 23.
g3 Qh5 24. g4 Qe5 25. g5 h5 26. g6 f5 27. axb5 fxe4 28. Bxc5 dxc5 29. Bxe4 axb5
30. Rxa8 Rxa8 31. d6 Ra6 32. Rg5 Qd4 33. Qxf4 Ra1+ 34. Nb1 Rxb1+ {
0-1 Atalik,S (2595)-Velimirovic,D (2535)/Ulcinj 1998/EXT 99/[Bulletin]}) 12.
Be3 Ne5 {Ïîçèöèÿ ðàâíà, íî ÷¸ðíûìè èãðàòü ëåã÷å. Èõ ïëàíû òèïè÷íû è õîðîøî
èçâåñòíû: èãðà íà ôåðçåâîì ôëàíãå ïóò¸ì ïîäãîòîâêè ïåøå÷íûõ ïðîäâèæåíèÿ b7-b5
èëè c5-c4 ñ ïåðåâîäîì êîíÿ ñ f6 íà ñ5. Äðóãàÿ èäåÿ - êîíòðèãðà íà êîðîëåâñêîì
ôëàíãå, äëÿ ÷åãî íåîáõîäèìî ïðîâåñòè f7-f5. Â òî æå âðåìÿ ôèãóðû áåëûõ
ðàñïîëîæåíû âðîäå áû ãàðìîíè÷íî, íî íå âèäíî, êàê èì ïðîâîäèòü ïðîãðàììíîå f4
è e5.} 13. a4 Nxd3 {Ìíå êàæåòñÿ, ñ ýòèì ðàçìåíîì ìîæíî áûëî è íå ñïåøèòü.} ({
Íàïðàøèâàëèñü òàêèå îáùåïîëåçíûå õîäû, êàê} 13... a6) ({èëè} 13... Bd7 {
. Íî Âåñåëèí ïðèíÿë ïðàêòè÷íîå ðåøåíèå - îáåñïå÷èë ñåáå ïðåèìóùåñòâî äâóõ
ñëîíîâ.}) {Ïðàâäà, ïîñëå} 14. Qxd3 {âûÿñíèëîñü, ÷òî ó ÷¸ðíûõ âîçíèêàþò òå
æå ïðîáëåìû ñ âûáîðîì ïëàíà èãðû, ÷òî è ó áåëûõ. Áåç êîíÿ íà å5 òðóäíî
ñîçäàòü èãðó íà ôåðçåâîì ôëàíãå. À áåëûå èçáàâèëèñü îò ñëîíà, êîòîðûé áûë
àêòèâåí òîëüêî ïîòåíöèàëüíî, à ïîêà íåñêîëüêî ìåøàë ñâîèì æå ôèãóðàì. Ïîýòîìó
Âåñåëèí ïðèíÿë ðåøåíèå óêðåïèòüñÿ íà ôåðçåâîì ôëàíãå è çàòåÿòü âñòðå÷íóþ
èãðó íà êîðîëåâñêîì:} b6 15. Ng3 Nh7 16. f4 {Òðóäíî ïðåäëîæèòü ÷òî ëèáî
âçàìåí ýòîãî õîäà. Íî òåïåðü èãðà ñòàíîâèòñÿ îáîþäîîñòðîé. Ïîçèöèÿ áîëüøå
ïîäõîäèò ïî ñòèëþ Òîïàëîâó, ÷åì Ïîíîìàð,âó.} h5 ({
Ñëàáåå áûëî íàïðàøèâàþùååñÿ} 16... f5 {
ñ èäååé íàäàâèòü ïî ëèíèè «å». Íà ÷òî áåëûå ïðîñòî îòõîäèëè} 17. Bd2 {
ñ íàìåðåíèåì óñèëèòüñÿ ïóò¸ì Rae1. Â ýòîì ñëó÷àå ïåðåâåñ ìîã áûòü òîëüêî ó íèõ
} ({çåâàòü ôèãóðó} 17. exf5 $2 Rxe3 {âîâñå íå îáÿçàòåëüíî})) ({À âîò âûïàä} 
16... Qh4 {çàñëóæèâàë âíèìàíèÿ. Ïîñëå} 17. Rf3 (17. Nge2 {- õîä áåç ïðåòåíçèé
ââèäó Qe7, ÷¸ðíûå óëó÷øèëè ïîëîæåíèå ñâîåãî ôåðçÿ è îòòåñíèëè áåëîãî êîíÿ})
17... a6 {÷¸ðíûå âñåãäà ñìîãóò âåðíóòüñÿ ôåðç,ì â ñâîé ëàãåðü, åñëè ýòî áóäåò
íåîáõîäèìî. Íî ýòîò ôåðçü, âî âñÿêîì ñëó÷àå, ñìóùàë áû áåëûõ.}) 17. f5 h4 18.
fxg6 ({Íåìåäëåííîå} 18. Nge2 {áûëî ïîõóæå èç-çà} gxf5 19. exf5 Re5 {- ó ÷¸ðíûõ
èãðà ïî ëèíèè «å» è ÷¸ðíûì ïîëÿì, à ïåøêà f5 íóæäàåòñÿ â çàùèòå. Òîïàëîâ
ìîã â äàëüíåéøåì ïîáîðîòüñÿ çà ïåðåâåñ.} ({èëè äàæå} 19... Qe7)) 18... fxg6 19.
Nge2 g5 {Æ,ñòêèé õîä â ñòèëå Òîïàëîâà. Îí íå áîèòñÿ îñëàáëåíèé  è
îãðàíè÷èâàþò  êîíÿ å2, îòíèìàÿ ó íåãî ïîëå f4.} (19... Ng5 {áûëî õîðîøåé
àëüòåðíàòèâîé - êîíü ìîã ïîòîì ÷åðåç f7 ïåðåñêî÷èòü íà å5. Òðóäíî äàâàòü
êîíêðåòíûå âàðèàíòû - íà êàæäîì õîäó ó ñîïåðíèêîâ åñòü íåñêîëüêî ïðèìåðíî
îäèíàêîâûõ ïî ñèëå ïðîäîëæåíèé. Rybka, íàïðèìåð, ñ÷èòàåò, ÷òî ïîÿâëåíèå êîíÿ
íà g5 áûëî ñèëüíåå, íî ñ ÷åëîâå÷åñêîé òî÷êè çðåíèÿ ñäåëàííûé Òîïàëîâûì õîä
âûãëÿäèò áîëåå èäåéíûì.}) 20. Rf2 {Âûãëÿäèò åñòåñòâåííî è íàä,æíî. Íî â ïàðòèè
ñäâîåíèå ëàäåé ïî ëèíèè «f» íå ïðèâåëî ê âòîðæåíèþ â ëàãåðü ïðîòèâíèêà.
Âïðî÷åì, òðóäíî óêàçàòü íà êàêîé-íèáóäü äðóãîé õîä. Êîìïüþòåðíûå
àëüòåðíàòèâû 20. b3, 20. Qc2 è îñîáåííî 20. Nb5 a6 21. Nc3 íå ñìîòðÿòñÿ.
Åäèíñòâåííàÿ òîëêîâàÿ «ðûáíàÿ» èäåÿ - ýòî 20. Rab1 è 21. b4.} ({
Íî âñêîðå âûÿñíèëîñü, ÷òî ýòî ñëàáî ââèäó} 20. a5 bxa5 21. Qb5 {
Íî âñêîðå âûÿñíèëîñü, ÷òî ýòî ñëàáî ââèäó} g4 22. hxg4 Bxg4 {
è ó áåëûõ ïðîâèñàåò íà å2 è å4, à òàêæå íà b2 ïîñëå âîçìîæíîãî Rab8}) 20... a6
{Èíòåðåñíàÿ èäåÿ! Âåñåëèí ðåøèë, ÷òî ñëîí îòëè÷íî ñòîèò è íà ñ8, è îòêðûâàåò
ñåäüìóþ ãîðèçîíòàëü, ïî êîòîðîé ôåðçåâàÿ ëàäüÿ ïîäêëþ÷èòñÿ ê èãðå íà
êîðîëåâñêîì ôëàíãå. Ïîïóòíî ó áåëûõ èñ÷åçëè èäåè ñ à5 - ñåé÷àñ â îòâåò íà
ýòî ïðîäâèæåíèå ÷¸ðíûå ïðîñòî-íàïðîñòî çàäâèíóò b5, è èíèöèàòèâà íà ôåðçåâîì
ôëàíãå áóäåò ïðèíàäëåæàòü èì, à íå áåëûì. Âïðî÷åì, åñòü ó õîäà è íåäîñòàòîê -
îñëàáëåíèå ïåøêè b6, êîòîðîå áóäåò ÷óâñòâîâàòüñÿ â íåêîòîðûõ âàðèàíòàõ.} 21.
Raf1 Ra7 22. Nb1 {Ïîïûòêà àêòèâèçèðîâàòü ïàññèâíîãî êîíÿ.} g4 ({
Âçÿòèå ïåøêè âûãëÿäèò îïàñíî, íî íè÷åãî êîíêðåòíîãî íåò:} 22... Bxb2 23. Nec3
Bxc3 24. Nxc3 Rg7 {
- ó áåëûõ ïîçèöèîííàÿ êîìïåíñàöèÿ çà ïåøêó, íî íå áîëåå òîãî.}) 23. hxg4 Bxg4
24. Nd2 Bxb2 {Ýòî âçÿòèå íàêàëÿåò ñèòóàöèþ íà äîñêå äî ïðåäåëà. Òåïåðü â
êîíôëèêòå ïîÿâëÿåòñÿ íîâûé ôàêòîð - ìàòåðèàëüíûé ïåðåâåñ ÷¸ðíûõ. Îáúåêòèâíî
îöåíêà ïîçèöèè ïîêà íå îòõîäèëà îò ðàâåíñòâà, íî òåïåðü îò êàæäîé èç ñòîðîí
òðåáóþòñÿ êîíêðåòíûå ðåøåíèÿ. Àëüòåðíàòèâàìè áûëè õîäû Ng5 è h3. Ðàññìîòðèì
èõ ïî ïîðÿäêó} ({À)} 24... Ng5 25. Rf4 Qd7 26. Nc4 ({
íàâåðíîå, ïîðà äåëàòü íè÷üþ -} 26. R4f2 Qd8 27. Rf4 Qd7 28. R4f2 Qd8 $11)
26... Nxe4 27. Nc3 Ng3 28. R1f2 Bh5 29. Rxh4 Bxc3 30. bxc3 Qh7 31. Qxh7+ Rxh7 {
- ó ÷¸ðíûõ ïåðåâåñ â îñòðîì ýíäøïèëå}) (24... h3 25. Nf4 Ng5 26. Ng6 Nf7 27.
e5 Nxe5 28. Nxe5 Rxe5 29. Qg6 Rxe3 30. Qxg4 Rae7 31. gxh3 b5 {
, è ïîëó÷àåòñÿ îñòðàÿ ïîçèöèÿ ñ îáîþäíûìè øàíñàìè.}) 25. Nc3 {
Âèäèìî, íå ëó÷øåå ðåøåíèå.} (25. Nc4 Bg7 26. Rb1 b5 27. axb5 axb5 28. Rxb5
Ra1+ 29. Nc1 Nf6 30. e5 dxe5 31. d6 e4 {
- îñòðàÿ ñõâàòêà ïðîäîëæàåòñÿ! Íàïðèìåð, âîçìîæåí ñëåäóþùèé âàðèàíò:} 32. Qd2
Be6 33. Rxc5 Ng4 34. Rf4 Nxe3 35. Qxe3 Bxc4 36. Rxc4 Qxd6 {È ïîñëå} 37. Rfxe4
Rxe4 38. Qxe4 {ïîëó÷àåòñÿ íè÷üÿ ïîëíûì ïåðåáîåì ñèë.}) 25... Rg7 {Òåïåðü ñòàë
î çàìåòíî, ÷òî çà ïîñëåäíèå íåñêîëüêî õîäîâ ÷¸ðíûå óñèëèëèñü. Êîìïüþòåð
ïîêàçûâàåò ðàâåíñòâî, íî ñ òî÷êè çðåíèÿ ïðàêòèêà ó Âåñåëèíà óæå ïåðåâåñ.} 26.
Nc4 Bxc3 27. Qxc3 Bh5 ({Ñåé÷àñ îïðîìåò÷èâîå} 27... Rxe4 {
ïîçâîëèëî áû áåëûì ðåçêî àêòèâèçèðîâàòü ñâîè ôèãóðû - 2} 28. Bh6 Rg6 29. Qd3 {
ñ ïåðåâåñîì.}) 28. Bf4 ({Â ýíäøïèëå ïîñëå} 28. Rf5 Be2 29. R1f2 Bxc4 30. Qxc4
Ng5 31. Bxg5 Rxg5 32. Qxa6 Rxf5 33. exf5 Qf6 {- ó ÷¸ðíûõ åñòü øàíñû íà ïîáåäó,
íî íè÷üÿ ïðåäñòàâëÿåòñÿ íàáîëåå âåðîÿòíûì ðåçóëüòàòîì. Âèäèìî, Ðóñëàíó
ñëåäîâàëî ñìèðèòüñÿ ñ ñóäüáîé è èñêàòü ñïàñåíèå òàì.}) 28... Rxe4 $1 29. Ne3 ({
Ìîáóòó: «Ýòî, ïî-ìîåìó, ïîñëåäíèé ìèã, êîãäà ó áåëûõ áûëà ïîëíîïðàâíàÿ èãðà.
Íàäî õîäèòü} 29. Qc2 {×òî äåëàòü ñ ëàäü,é e4? Óâîäèòü ïî ëèíèè «e» ïëîõî,
ñúåäèì íà d6 ñ ïåðåâåñîì ó áåëûõ. Îñòà,òñÿ çàùèùàòü ëàäüþ èëè óâîäèòü íà d4.
Ïåðå÷èñëÿåì çàùèòû:} Rge7 $2 30. Bxd6 $1 Rxc4 31. Bxe7 $18) ({Á) (ïîñëå} 29.
Qc2 {)} Qe7 30. Nxb6 $1 {ñ îòûãðûøåì îäíîé èç ïåøåê è ñ äîñòàòî÷íîé, ïî
ìíåíèþ Å, Âåëè÷åñòâà, èíèöèàòèâîé çà äðóãóþ. Íàïðèìåð, ïðè ñâî,ì õîäå áåëûå
áû ñðàçó âûèãðàëè õîäîì 31.Nc8. Âàðèàíò Å, Âåëè÷åñòâà:} Rd4 31. Qf5 Bg4 32.
Qc2 Ng5 33. Bxg5 Rxg5 34. Rf8+ Qxf8 35. Rxf8+ Kxf8 36. Qh7 $11 {(0.00)}) ({
Â) (ïîñëå} 29. Qc2 {)} Bg6 30. Bh6 Rge7 31. Qb3 $11 {, äàëüøå ïî ïëàíó - 32.
Rf4, 33.Qxb6! ñ îòûãðûøåì îäíîé èç ïåøåê ïðè íåóãàñàþùåé èíèöèàòèâå}) ({
Ã) (ïîñëå} 29. Qc2 {)} Rd4 30. Bh6 Rg6 (30... Rg3 $2 31. Qf5 $1) 31. Rf8+ Nxf8
32. Rxf8+ Qxf8 33. Bxf8 h3 $1 (33... Kxf8 34. Qf5+) 34. Ne3 $1 Rd1+ $1 35. Nxd1
Rxg2+ 36. Qxg2+ hxg2 37. a5 $1 {, äàëüøå 38.Bxd6 è íè÷üÿ â ðàçíîöâåòå.
Íàâåðíîå ìîæíî è åù¸ áîëüøå âàðèàíòîâ íàêèäàòü, íî íàäåþñü, ÷òî îöåíêó îíè
óæå íå èçìåíÿò: ðàâåíñòâî, ó áåëûõ äîñòàòî÷íàÿ êîìïåíñàöèÿ çà äâå ïåøêè. Òåì
áîëåå, ÷òî ÷àñòü íàãðàáëåííîãî äîáðà íàâåðíÿêà áóäåò èçúÿòà ó ÷¸ðíûõ, è
ñäåëàåò ýòî íàèáîëåå åðøèñòàÿ áåëàÿ ôèãóðà  - êîíü c4. ×òîáû ïåðåâåñòè åãî íà
ýòî çàâåòíîå ïîëå ñ c3, Ïîíîìàð,â íå ïîæàëåë òð,õ òåìïîâ è ïåøêè b2. Ïðè÷,ì
âñå ýòè ìàí¸âðû íàâåðíÿêà áûëè äåéñòâèòåëüíî ñèëüíûìè, ïîñêîëüêó ïî äåáþòó îí
âðîäå áû íè÷åãî íå èìåë, à çäåñü ó íåãî - õîðîøàÿ àòàêóþùàÿ ïîçèöèÿ».})
29... Qf6 $1 {Áåç ïðåäðàññóäêîâ! Îòñêîêè áåëîãî ñëîíà íå îïàñíû. ×¸ðíûå
èìåþò äâå ëèøíèå ïåøêè è ñòðåìÿòñÿ ïåðåéòè â ýíäøïèëü.} 30. Qc2 ({
Ýòî - ïîä òåìïû ïîñëå Bg6, íî ó ÷¸ðíûõ áîëüøîé ïåðåâåñ è ïîñëå ëó÷øåãî} 30.
Qd3 Qd4 31. Qxd4 cxd4 32. Nf5 Rd7) 30... Bg6 31. Ng4 {Ýòî íè÷åãî íå äàåò.
×åðíûé ôåðçü óäîáíî óñòðîèòñÿ íà d4 è áóäåò ïîãëÿäûâàòü íà ïåøêó a4. À øàõ ñ
h6 - ýòî òîëüêî îäèí øàõ.} ({Âîò ÷òî óäàëîñü íàéòè ñ «ðûáêîé»:} 31. Qd1 Qc3
32. Ng4 Kh8 33. Bh6 Rge7 34. Bd2 Qg7 35. Nf6 Rc4 36. Qb3 Rc2 37. Bc3 c4 38. Qb4
Rxc3 39. Qxc3 Bd3 40. Rc1 Re5 41. Nxh7 Kxh7 42. Qb4 Rxd5 43. Qxb6 {- çäåñü áåëû
å äîëæíû ñïàñòèñü, õîòÿ ïåðåâåñ âñ¸ åù¸ ó ÷¸ðíûõ. Èíòåðåñíî, ñêîëüêî ðàç
ìîæíî óñèëèòü ïðèâåä,ííûé âàðèàíò?}) 31... Qd4 32. Nh6+ Kh8 33. Bc1 {
Ïðîèãðûâàåò, íî ñïàñåíèÿ óæå íå áûëî.} Re1 $1 {Èçÿùíî!} 34. Qd2 Rxf1+ 35. Kxf1
Bd3+ $1 36. Kg1 Ng5 $1 {Ãðîçèò è Ne4, è Nf3.} 37. Kh2 Ne4 $1 {Ñåðèÿ âîñêëèöàòåë
üíûõ çíàêîâ ñîïðîâîæäàåò ñåðèþ åäèíñòâåííûõ âûèãðûâàþùèõ õîäîâ Âåñåëèíà.} 38.
Rf8+ Kh7 39. Qf4 {Îò óãðîçû Qf5 ÷¸ðíûå, êîíå÷íî, ëåãêî çàùèùàþòñÿ:} Nc3 {
Âåñåëèí â êðèòè÷åñêèé ìîìåíò èñïîëíèë ñåðèþ õîäîâ ïî ïåðâîé ëèíèè «Ðûáêè».
Êàêèå âûâîäû ñëåäóåò èç ýòîãî ñäåëàòü? Òîëüêî îäèí: Òîïàëîâ - ÷ðåçâû÷àéíî
ñèëüíûé øàõìàòèñò!} 40. Qxd4 cxd4 {
îíòðîëü ïðîéäåí. Áåëûå - áåç äâóõ, ñëàáû ïåøêè a4 è d5, êîìïåíñàöèè íåò.} 41.
Nf7 Ne4 {Âåðîÿòíî, ñèëüíåå áûëî çàùèòèòü ïåøêó d6 äðóãèì ñïîñîáîì - Rg6, íå
ñíèìàÿ óäàðà ñ ïåøåê a4 è d5. Âïðî÷åì, ïîçèöèÿ ÷¸ðíûõ îñòàåòñÿ âûèãðàííîé,
ïðè÷,ì ê ïîáåäå âåä,ò íå îäíà äîðîãà.} 42. Bb2 ({
Îøèáêà! Ñèëüíåå áûëî âûãíàòü êîðîëÿ íà ëèíèþ «g» ïóò¸ì} 42. Rh8+ Kg6 43. Nd8
{.}) 42... Bf1 43. Rh8+ Kg6 44. Rxh4 Kxf7 45. Rf4+ {Diagram #} Kg8 {
Òåïåðü íåòî÷åí Âåñåëèí.} ({Cèëüíåå} 45... Kg6 $1 46. Rxf1 Rh7+ 47. Kg1 d3 48.
Rd1 Rh1+ 49. Kxh1 Nf2+ 50. Kg1 Nxd1 {- ïî ñðàâíåíèþ ñ ïðîäîëæåíèåì â ïàðòèè
êîðîëü ÷¸ðíûõ ñòîÿë áû íå íà g8, à íà g6.}) 46. Rxf1 Rh7+ 47. Kg1 d3 48. Rd1
Rh1+ {Ñèëüíî áûëî è 48... d2.} 49. Kxh1 Nf2+ 50. Kg1 Nxd1 51. Bc1 {
Åäèíñòâåííûé õîä, âñ¸ îñòàëüíîå ïðîèãðûâàåò ìîìåíòàëüíî.} Nb2 52. Kf2 Nxa4 53.
Bf4 Nc3 54. Kf3 a5 55. Bd2 Nb1 56. Bf4 {Óæå âñ¸ ÿñíî.} a4 57. Bxd6 d2 58. Ke2
Nc3+ {Áåëûå ñäàëèñü! Òîïàëîâ âêëþ÷àåòñÿ â ãîíêó çà ëèäåðîì.} 0-1

[Event "Corus Wijk aan Zee"]
[Site " Wijk aan Zee"]
[Date "2007.01.20"]
[Round "7"]
[White "GM Aronian, Levon (ARM) "]
[Black "GM Kramnik, Vladimir (RUS) "]
[Result "1/2-1/2"]
[WhiteElo "2744"]
[BlackElo "2766"]
[Annotator "Ìèõàèë Êðîéòîð"]
[PlyCount "56"]
[EventDate "2007.01.??"]
[EventType "tourn"]
[EventCountry "NED"]
[EventCategory "19"]
[Source "CrestBook.com"]

1. d4 d5 2. c4 c6 3. Nf3 Nf6 4. Nc3 dxc4 5. a4 Bf5 6. Ne5 e6 7. f3 c5 8. e4 Bg6
({Çíà÷èòåëüíî ÷àùå âñòðå÷àåòñÿ ïðîäîëæåíèå} 8... cxd4) 9. Be3 cxd4 10. Qxd4
Qxd4 11. Bxd4 Nfd7 12. Nxd7 Nxd7 13. Bxc4 a6 {
Äî ñèõ ïîð ãðîññìåéñòåðû «åõàëè ïî ðåëüñàì», ïðîëîæåííûì â Ýëèñòå.} 14. h4 {
Åù¸ îäíà ïîïûòêà ïðåîäîëåòü «ñëàâÿíñêèå» ðåäóòû Êðàìíèêà.} ({
Ìíå î÷åíü ïîíðàâèëñÿ õîä, ïðåäëîæåííûé Ðûáêîé:} 14. O-O-O $5 {
Â ðåçóëüòàòå ââîäåòñÿ â áîé ñðàçó îáå ëàäüè!}) ({
Â øåñòîé ïàðòèè ìàò÷à íà ïåðâåíñòâî ìèðà íà} 14. Ke2 {
Âëàäèìèð îøàðàøèë Âåñëèíà òîí÷àéøèì} Rg8 $3 {è ÷¸ðíûå áûñòðî óðàâíÿëè.} 15.
Rhd1 Rc8 16. b3 Bc5 17. a5 Ke7 18. Na4 Bb4 19. Nb6 Nxb6 20. Bxb6 f6 21. Rd3 Rc6
22. h4 Rgc8 23. g4 Bc5 24. Rad1 Bxb6 25. Rd7+ Kf8 26. axb6 Rxb6 27. R1d6 Rxd6
28. Rxd6 Rc6 29. Rxc6 bxc6 30. b4 e5 31. Bxa6 {1/2-1/2 Topalov,V (2813)
-Kramnik,V (2743)/Elista RUS 2006/The Week in Chess 621/[Malcolm Pein]}) 14...
Rc8 15. Ba2 h6 16. Rc1 Bc5 17. Ne2 ({Âçÿòèå íà g7} 17. Bxg7 {
- âîâñå íå âûèãðûø ïåøêè, à ïðîñòî ðàçìåí, êîòîðûé ê òîìó æå ïîñëå} Rh7 18. h5
Rxg7 19. hxg6 Rxg6 20. g4 {âåä,ò ê âûãîäå ÷¸ðíûõ.}) 17... O-O 18. O-O Bd6 ({
Ïîõîæå, ÷òî íåò ïðîáëåì ó ÷¸ðíûõ è ïîñëå} 18... Bxd4+ 19. Nxd4 Ne5 20. Rxc8
Rxc8 21. Rd1 $11) 19. Be3 {Ãîòîâÿ ïåðåâîä êîíÿ íà f4.} Ne5 20. Nf4 Rxc1 21.
Rxc1 Bh7 {Íåêðàñèâûé ñ âèäó õîä, ñîãëàñåí. Îäíàêî äâóõ ñëîíîâ îñòàâëÿòü
ñîïåðíèêó íå õî÷åòñÿ. Â ïëàíàõ ó ÷¸ðíûõ ïåðåâîä êîðîëÿ â öåíòð (íà e7),
f7-f6 è ïîòîì âûãóë ñëîíà â òîì æå íàïðàâëåíèèå - Bh7-g8-f7. Çà áåëûõ æå
î÷åíü õî÷åòñÿ ðàçìåíÿòü ÷åðíîïîëüíûõ õîáîòíûõ...  À ïîêà äóìàåì, êàê ýòî
ìîæíî ñäåëàòü - òîæå ïîäâîäèì êîðîëÿ.} 22. Kf1 Rb8 $1 {
Íå òîëüêî ïîäãîòàâëèâàÿ âûïàä b7-b5. Òóò åñòü åù¸ ìàëåíüêàÿ õèòðîñòü...} 23.
Ke2 ({Õèòðîñòü çàêëþ÷àëàñü â òîì, ÷òî ïîñëå «åñòåñòâåííîãî»} 23. Ba7 Ra8
24. Be3 Kf8 {
÷¸ðíûå âûèãðûâàþò òåìï äëÿ äâèæåíèÿ êîðîëÿ â çàäàííîì íàïðàâëåíèè.}) 23...
Kf8 24. g4 Ke7 25. Ng2 {«Ïóòè ãðîññìåéñòåðñêèõ ëîøàäîê íåèñïîâåäèìû!» Êîíü
íà g2 ðàñïîëîæåí âåñüìà íåýñòåòè÷íî... ×òî ìåøàëî åìó ïðûãíóòü íà h5?} ({
Íî Ëåâîí òóò î÷åíü äîëãî äóìàë. Íàâåðíîå, ñ÷èòàë ñëåäóþùåå -} 25. Nh5 $5 g6
(25... Rg8 $5) {è òåïåðü} 26. Ng7 $5 {
(îé!) ñ èäååé âûèãðàòü ïåøêó. Íî, â êîíöå êîíöîâ, ðåøèë «íå ñâÿçûâàòüñÿ».} ({
Òàê êîíå÷íî òîëüêî êîìïû è ìîãóò èãðàòü; ëó÷øå ïðîñòîå} 26. Nf4)) 25... f6
26. h5 Bg8 27. Ba7 Ra8 28. Bb6 Bf7 {Ôåðçåâûé ñëîí ÷¸ðíûõ ãîòîâ ïðîäîëæèòü
ñâîé íåñïåøíûé ïóòü â ëþäè, îäíàêî... Çäåñü áûë çàêëþ÷åí ìèð.} 1/2-1/2